| 000 -LEADER |
| fixed length control field |
00599nam a22001817a 4500 |
| 008 - FIXED-LENGTH DATA ELEMENTS--GENERAL INFORMATION |
| fixed length control field |
201105b ||||| |||| 00| 0 eng d |
| 040 ## - CATALOGING SOURCE |
| Original cataloging agency |
BMS College of Architecture |
| 100 ## - MAIN ENTRY--PERSONAL NAME |
| Personal name |
Siri T K |
| 245 ## - TITLE STATEMENT |
| Title |
Bridging the Gap- Rstoration of forgotten urban voids |
| 300 ## - PHYSICAL DESCRIPTION |
| Extent |
34p. |
| 502 ## - DISSERTATION NOTE |
| Degree type |
M.Arch (Habitat Design |
| Name of granting institution |
BMS College of Architecture, Visvesvaraya Technological Univesity (VTU) |
| Dissertation note |
Dessertation |
| Year degree granted |
2019 |
| 650 ## - SUBJECT ADDED ENTRY--TOPICAL TERM |
| Topical term or geographic name as entry element |
urban voids |
| 700 ## - ADDED ENTRY--PERSONAL NAME |
| Personal name |
Mamatha P Raj |
| Relator term |
Guide |
| 700 ## - ADDED ENTRY--PERSONAL NAME |
| Personal name |
Rachana D R |
| Relator term |
Guide |
| 700 ## - ADDED ENTRY--PERSONAL NAME |
| Personal name |
Pooja S |
| Relator term |
Guide |
| 700 ## - ADDED ENTRY--PERSONAL NAME |
| Personal name |
Sadashiv Chakravarthy |
| Relator term |
Guide |
| 942 ## - ADDED ENTRY ELEMENTS (KOHA) |
| Source of classification or shelving scheme |
|
| Koha item type |
UG-Thesis and Dissertations |